Statistics for Daily Country Riddle #22

Click here to take the quiz!

General Stats

  • This quiz has been taken 224 times
  • The average score is 10 of 13

Answer Stats

TypeAnswer% Correct
Found LetterA
99%
Correctly Placed LetterA
91%
Found LetterI
90%
Found LetterA
88%
Correctly Placed LetterA
84%
Found LetterM
84%
Correctly Placed LetterI
80%
Found LetterB
71%
Correctly Placed LetterB
68%
Correctly Placed LetterM
66%
Correctly Placed LetterZ
65%
Found LetterZ
65%
Mystery CountryZambia
65%

Score Distribution

Percentile by Number Answered

Percent of People with Each Score

Your Score History

You have not taken this quiz